Asymmetric hydroboration of diene polymers (Record no. 45509)

MARC details
000 -LEADER
fixed length control field 00419nam a2200157Ia 4500
100 ## - MAIN ENTRY--AUTHOR NAME
Personal name Yamaguchi Hidemasa
245 #0 - TITLE STATEMENT
Title Asymmetric hydroboration of diene polymers
260 ## - PUBLICATION, DISTRIBUTION, ETC. (IMPRINT)
Name of publisher Polymer Journal
Year of publication 1972
300 ## - PHYSICAL DESCRIPTION
Number of Pages 20-Dec
650 ## - SUBJECT ADDED ENTRY--TOPICAL TERM
Topical Term Asymmetric hydrocarbon
650 ## - SUBJECT ADDED ENTRY--TOPICAL TERM
Topical Term Optical rotary dispersion
700 ## - ADDED ENTRY--PERSONAL NAME
Personal name Azuma Koji
700 ## - ADDED ENTRY--PERSONAL NAME
Personal name Minoura Yuji
942 ## - ADDED ENTRY ELEMENTS (KOHA)
Koha item type Reprints
Holdings
Withdrawn status Lost status Damaged status Not for loan Home library Current library Shelving location Date acquired Serial Enumeration / chronology Accession Number Koha item type
      Reprints RRII Library RRII Library Rubber chemistry 22/12/2021 Volume 3, Issue 1 P01254 Reprints